| 000 | 00776nam a2200217 a 4500 | ||
|---|---|---|---|
| 999 |
_c10952 _d10952 |
||
| 001 | 10952 | ||
| 003 | BD-JhCC | ||
| 005 | 20191027134007.0 | ||
| 008 | 190630s2017 bg a|||| |||| 000 0 ben d | ||
| 020 | _a9789849849216445 | ||
| 035 | _a(BD-JhCC)10952 | ||
| 040 |
_aBD-JhCC _dBD-JhCC |
||
| 041 | _aben | ||
| 082 |
_a005.133 _bRAH 2017 |
||
| 100 | _aরহমান, আ ন ম বজলুর | ||
| 245 |
_aজাভা প্রোগ্রামিং / _cআ ন ম বজলুর রহমান |
||
| 260 |
_aঢাকা : _bদ্বিমিক প্রকাশনী, _c২০১৭. |
||
| 300 |
_a৪৬৪ পৃ. : _bচিত্রবলী সংযোজিত, _c২৩ সেমি. |
||
| 650 | _aJava (Computer program language) | ||
| 942 |
_2ddc _cBK _02 |
||